Historia argentina 1776-1880 /
Guardado en:
| Autor Principal: | |
|---|---|
| Formato: | |
| Materias: | |
| Etiquetas: |
Agregar Etiqueta
Sin Etiquetas, Sea el primero en etiquetar este registro!
|
| LEADER | 01051ngm a22002775g 4500 | ||
|---|---|---|---|
| 001 | CEM.cems022432 | ||
| 008 | 130507b1999##################0###0#####d | ||
| 005 | 20241101171309.0 | ||
| 245 | 1 | 0 | |a Historia argentina 1776-1880 / |c Colegio Carlos Pellegrini - UBA. |
| 300 | |a 166'. | ||
| 500 | |a En soporte VHS, consultar en ventanilla. | ||
| 505 | 0 | |a El mundo y la Argentina de 1776-1880. Sucesos políticos, económicos y sociales, comentados por los historiadores Halperin Donghi, Romero, Sábato y otros. | |
| 538 | |a Soporte: VHS - Norma: Pal N - Color: Si - Grabación DRD 1999 - Hitachi=0000 | ||
| 100 | 1 | |a Colegio Carlos Pellegrini - UBA. | |
| 082 | 9 | 8 | |/ PIG-1 |
| 653 | |a HISTORIA ARGENTINA CONTEMPORANEA | ||
| 653 | |a VIRREINATO | ||
| 653 | |a UNITARIOS | ||
| 653 | |a FEDERALES | ||
| 653 | |a GENERACION DEL '37 | ||
| 653 | |a CONFEDERACION | ||
| 653 | |a CONQUISTA DEL DESIERTO | ||
| 653 | |a PIGNA, FELIPE | ||
| 653 | |a NIVEL PRIMARIO | ||
| 653 | |a NIVEL SECUNDARIO | ||
| 859 | |a CEMS |b BIB. CEMS - Depto. Recursos Didacticos |h 982 |i PIG-1 |k DRD |p 1075.12 |t Ej.1 | ||
